Score 0/30 Timer 08:00
0 Plays Today
% Correct
Frozen
90.1%
Shrek
90.1%
Peter Pan
89.5%
Star Wars
89.4%
Snow White And The Seven Dwarfs
89.3%
Aladdin
89.3%
Toy Story
88.7%
The Lion King
87.8%
The Lord Of The Rings
87.7%
Back To The Future
87.2%
Moana
85.7%
Inside Out
83.3%
The Matrix
82.5%
James Bond
80.5%
Pulp Fiction
78.8%
% Correct
Who Framed Roger Rabbit
78.7%
The Silence Of The Lambs
77.9%
Carrie
77.8%
Justice League
76.9%
The Emperor's New Groove
75.7%
Captain Marvel
75.1%
Home Alone
74.8%
V For Vendetta
74.6%
Breakfast At Tiffany's
73.6%
The Princess Bride
71.4%
Fantastic Beasts
70.7%
Little Shop Of Horrors
69.9%
Monty Python And The Holy Grail
67.2%
Labyrinth
62.3%
Flash Gordon
53.9%
Remove Ads.
Support Sporcle.
Get the best of Sporcle when you Go Orange. This ad-free experience offers more features, more stats, and more fun while also helping to support Sporcle. Thank you for becoming a member.

You're not logged in!

Compare scores with friends on all Sporcle quizzes.
OR
Log In

Show Comments

Extras

Top Quizzes Today


Score Distribution

Your Account Isn't Verified!

In order to create a playlist on Sporcle, you need to verify the email address you used during registration. Go to your Sporcle Settings to finish the process.

Report this User

Report this user for behavior that violates our Community Guidelines.

Details: